Eastern Worker (Registro nro. 161946)
[ vista simple ]
| 000 -LEADER | |
|---|---|
| fixed length control field | 00591nas a22002057a 4500 |
| 007 - PHYSICAL DESCRIPTION FIXED FIELD--GENERAL INFORMATION | |
| fixed length control field | cr|||| |||| |
| 008 - FIXED-LENGTH DATA ELEMENTS--GENERAL INFORMATION | |
| fixed length control field | 130118e pk z||pss|||| 00| a eng d |
| 035 ## - | |
| -- | 6875 |
| 040 ## - CATALOGING SOURCE | |
| Original cataloging agency | vLex |
| 090 ## - | |
| -- | 3557 |
| -- | 3557 |
| 245 00 - TITLE STATEMENT | |
| Title | Eastern Worker |
| Medium | [Recurso electrónico] |
| 256 ## - | |
| -- | Servicio en línea |
| 260 ## - PUBLICATION, DISTRIBUTION, ETC. (IMPRINT) | |
| Place of publication, distribution, etc | Karachi : |
| Name of publisher, distributor, etc | AsiaNet Pakistan (Pvt) Ltd., |
| Date of publication, distribution, etc | 2012 |
| 300 ## - PHYSICAL DESCRIPTION | |
| Extent | 1 Recurso electrónico |
| 650 04 - SUBJECT ADDED ENTRY--TOPICAL TERM | |
| Source of heading or term | Economía |
| 740 ## - | |
| -- | vLex Revistas (Servicio en línea) |
| 856 ## - LOCALIZACIÓN Y ACCESO ELECTRÓNICO | |
| Host name | Acceso restringido |
| Identificador Uniforme del Recurso (URI/URL) | http://www.vlex.com/source/6875 |
| 942 ## - | |
| -- | RAA |
| 999 ## - | |
| -- | 161946 |
| -- | 161946 |
No hay ítems disponibles.